• 首页
  • 本馆介绍
  • 公告通知
  • 最新文献
  • 馆藏检索
  • 电子资源
  • 读者导购
  • 参考咨询
  • 我的图书馆
  • 登录
  • 详细信息显示
  • 放入我的书架
  • 预约/预借图书
  • 作者相关作品
  • 分类相关作品
  • 丛书相关作品
  • 出版社相关作品

书目信息

  • 表格格式
  • 工作单格式
  • 卡片格式
题名:
遥感与地理信息系统
    
 
作者: 李建新 著
分册:  
出版信息: 北京   中国环境科学出版社  2006
页数: 104页
开本: 23cm
丛书名:
单 册:
中图分类: TP7 , P208
科图分类:
主题词: 遥感技术 , 地理信息系统
电子资源:
ISBN: 7-80209-284-1
000 00885nam0 2200277 45
001 012004037414
005 20070807163812.39
009 012004037414
010    @a7-80209-284-1@dCNY18.00
035    @a(110120)012006063346
100    @a20060515d2006 em y0chiy0110 ea
101 0  @achi
102    @aCN@b110000
105    @ay z 000yy
106    @ar
200 1  @a遥感与地理信息系统@Ayao gan yu di li xin xi xi tong@f李建新著@Fli jian xin zhu
210    @a北京@c中国环境科学出版社@d2006
215    @a104页@d23cm
330    @a书中内容有:遥感引论、遥感信息采集、遥感图像目视解译、遥感图像计算机分类、地理信息系统设计与开发、空间数据与空间分析、空间数据投影处理、专题图像产品、应用实例等。
606 0  @a遥感技术
606 0  @a地理信息系统
690    @aTP7@v4
690    @aP208@v4
701  0 @a李建新@Ali jian xin@4著
801  0 @aCN@b110120@c20070807
905    @dTP7@e31@f5
    
    遥感与地理信息系统/李建新著.-北京:中国环境科学出版社,2006
    104页;23cm
    
    
    ISBN 7-80209-284-1:CNY18.00
    书中内容有:遥感引论、遥感信息采集、遥感图像目视解译、遥感图像计算机分类、地理信息系统设计与开发、空间数据与空间分析、空间数据投影处理、专题图像产品、应用实例等。
●
相关链接 在E读中查询图书 在五车中查询图书 在当当中查询图书 在豆瓣中查询图书


正题名:遥感与地理信息系统     索取号:TP7/31         预约/预借

序号 登录号 条形码 馆藏地/架位号 状态 备注
1 0853090   208530909   第二样本阅览室/ [索取号:TP7/31] 在馆    
2 0853091   208530918   第三借阅区/ [索取号:TP7/31] 在馆    
3 0853092   208530927   第三借阅区/ [索取号:TP7/31] 在馆    
4 0853093   208530936   第三借阅区/ [索取号:TP7/31] 在馆    
5 0853094   208530945   第三借阅区/ [索取号:TP7/31] 在馆    
唐山师范学院图书馆 欢迎您!
大连网信软件有限公司© 版权所有